[Event "Asia-chT"]
[Site "Singapore"]
[Date "1995.??.??"]
[Round "9"]
[White "Tkachiev, Vladislav"]
[Black "Wong Meng Kong"]
[Result "1/2-1/2"]
[WhiteElo "2605"]
[BlackElo "2430"]

1.e4 d6 2.d4 Nf6 3.Nc3 e5 4.Nf3 Nbd7 5.Bc4 Be7 6.O-O O-O 7.Re1 c6 8.a4 a5
9.h3 Qc7 10.Be3 Re8 11.Ba2 h6 12.Nh4 Nf8 13.dxe5 dxe5 14.Qf3 Be6 15.Nf5 Bxa2
16.Rxa2 Ne6 17.Raa1 Kh7 18.Rad1 Ng8 19.Nxe7 Rxe7 20.h4 g6 21.h5 Ng7 22.hxg6+ fxg6
23.Rd2 Ne6 24.Qh3 Rd8 25.Red1 Rxd2 26.Rxd2 Nf4 27.Qh4 Rf7 28.Qd8 Nf6 29.Qxc7 Rxc7
30.Bb6 Rd7 31.Rxd7+ Nxd7 32.Bxa5 Ne6 33.Nb1 Nec5 34.b3 Nxe4 35.Nd2 Nxd2 36.Bxd2 g5
37.Be3 Kg6 38.a5 Kf7 39.Kf1 Ke6 40.Ke2 e4 41.f4 exf3+ 42.Kxf3 Kd5 43.c4+ Ke6
44.Kg4 Nf6+ 45.Kf3 Nd7 46.Kg4 Nf6+ 47.Kh3 Kf5 48.b4 Ke4 49.Bg1 h5 50.b5 cxb5
51.cxb5 Kd5 52.Kg3 Ne4+ 53.Kf3 Nd2+ 54.Ke2 Ne4 55.Kd3 Nd6 56.a6 bxa6 57.bxa6 Kc6
58.Be3 g4 59.Bf2 Nf5 60.Ke4 h4 61.Kxf5 h3 62.Bg1 hxg2 63.Kxg4 Kc7 64.Ba7 g1=Q+
65.Bxg1 Kb8 66.Kf5  1/2-1/2

[Event "Sitges op"]
[Site "Sitges"]
[Date "1995.??.??"]
[Round "6"]
[White "Beltran, Santiago"]
[Black "Fernandez Aguado, Enrique"]
[Result "1-0"]
[WhiteElo "2325"]
[BlackElo "2365"]

1.e4 d6 2.d4 Nf6 3.Nc3 c6 4.f4 Qb6 5.e5 Nd5 6.Nxd5 cxd5 7.c3 Bf5 8.Bd3 Bxd3
9.Qxd3 e6 10.Nf3 Nc6 11.O-O g6 12.Kh1 h5 13.b3 Rc8 14.Bd2 Ne7 15.Nh4 Nf5
16.Nxf5 gxf5 17.c4 Qa6 18.Qf3 dxc4 19.d5 dxe5 20.fxe5 h4 21.h3 exd5 22.bxc4 dxc4
23.Bc3 Qe6 24.Qxb7 Be7 25.Rf3 Rg8 26.Raf1 Qc6 27.Qb2 Rg3 28.Rxg3 hxg3 29.Rxf5 Rd8
30.Rf1 Qb6 31.Qc2 Rd3 32.Qa4+ Rd7 33.Qxc4 Qe6 34.Qe2 Bc5 35.Be1 Qg6 36.Rf3 Qb1
37.e6 fxe6 38.Qxe6+ Kd8 39.Rf1 Bf2 40.Ba5+  1-0

[Event "Sitges op"]
[Site "Sitges"]
[Date "1995.??.??"]
[Round "6"]
[White "Fernandez, Jor"]
[Black "Viladiu Martinez, Josep"]
[Result "0-1"]
[WhiteElo "2240"]
[BlackElo "2280"]

1.e4 d6 2.d4 Nf6 3.Nc3 c6 4.f4 Qa5 5.Bd3 e5 6.dxe5 dxe5 7.f5 Nbd7 8.Nf3 b5
9.Nd2 Nc5 10.Nb3 Nxb3 11.cxb3 Bc5 12.Qf3 Bd4 13.Bd2 Qb6 14.Rc1 a5 15.Rc2 h5
16.h3 Bb7 17.g4 hxg4 18.hxg4 Rxh1+ 19.Qxh1 O-O-O 20.g5 Bxc3 21.Rxc3 b4 22.Rc2 Rxd3
23.gxf6 gxf6 24.Qh8+ Rd8 25.Qg7 Qd4 26.Qxf6 Qg1+ 27.Ke2 Ba6+ 28.Kf3 Qd1+  0-1

[Event "Sitges op"]
[Site "Sitges"]
[Date "1995.??.??"]
[Round "8"]
[White "Canal Oliveras, Joan"]
[Black "Viladiu Martinez, Josep"]
[Result "1-0"]
[WhiteElo "2230"]
[BlackElo "2280"]

1.d4 d6 2.Nc3 c6 3.e4 Nf6 4.Bg5 Nbd7 5.Qd2 e5 6.Nf3 Be7 7.h3 O-O 8.g4 Re8
9.O-O-O b5 10.Bd3 Rb8 11.Ne2 c5 12.dxe5 Nxe5 13.Nxe5 dxe5 14.Ng3 g6 15.f4 Nd7
16.h4 Nf8 17.Nf5 Bxg5 18.hxg5 gxf5 19.gxf5 Bxf5 20.exf5 e4 21.Qh2 Qc8 22.f6 Qf5
23.Be2 Ne6 24.Rdf1 Nd4 25.Bg4 Qg6 26.Qh4 Nf5 27.Qh3 Nd6 28.Rd1 e3 29.Rxd6 e2
30.Re1 Qe4 31.Bf5 Qe3+ 32.Qxe3 Rxe3 33.Rd2 Rbe8 34.Bg4 h5 35.Rdxe2  1-0

[Event "Sollentuna op"]
[Site "Sollentuna"]
[Date "1995.??.??"]
[Round "9"]
[White "Johansson, Mikael"]
[Black "Agrest, Evgenij"]
[Result "1/2-1/2"]
[WhiteElo "2265"]
[BlackElo "2460"]

1.d4 d6 2.e4 Nf6 3.Nc3 c6 4.f4 Qa5 5.e5 Ne4 6.Qf3 Nxc3 7.Bd2 Bf5 8.Bd3 Bxd3
9.cxd3 Qd5 10.bxc3 Qxf3 11.Nxf3 e6 12.Ke2 dxe5 13.fxe5 c5 14.Rhb1 b6 15.a4 Nc6
16.a5 bxa5 17.Rb7 Rc8 18.Be3 cxd4 19.Nxd4 Be7 20.Nxc6 Rxc6 21.Rxa5 a6 22.Bb6 O-O
23.Rxa6 Bc5 24.Bxc5 Rxc5 25.c4 Rxe5+ 26.Kd2 Rf5 27.Kc3 h5 28.Rb5 Rf2 29.Rb2 Rf5
30.Rab6 g6 31.Rb8 Kg7 32.d4 Rxb8 33.Rxb8 Rf1 34.Rb2 Kf8 35.Kb4 Ke7 36.Kc5 Rc1
37.d5 exd5 38.Kxd5 Rd1+ 39.Kc6 Rd6+ 40.Kb5 Kd7 41.c5 Re6 42.Ra2 Re1 43.Ra7+ Ke6
44.Ra2 Kd7 45.Rd2+ Kc7 46.Kc4 Kc6 47.Rd6+ Kc7 48.Rd2 Kc6 49.Rd6+ Kc7 50.Rf6 Rc1+
51.Kd5 Rd1+ 52.Kc4 Rc1+ 53.Kd4 Rd1+ 54.Ke5 Rd2 55.Rxf7+ Kb8 56.Rf8+ Kc7 57.Rf7+ Kb8
58.h4 Rxg2 59.Kd6 Rd2+ 60.Ke5 Rh2 61.Kd6 Rd2+ 62.Kc6 Rd4 63.Rg7 Rxh4 64.Rxg6 Rg4
65.Rh6 h4 66.Rh8+ Ka7  1/2-1/2

[Event "ESP-chTa"]
[Site "Spain"]
[Date "1995.??.??"]
[Round "8"]
[White "Sion Castro, Marcelino"]
[Black "Izeta Txabarri, Felix"]
[Result "1-0"]
[WhiteElo "2375"]
[BlackElo "2495"]

1.e4 d6 2.d4 Nf6 3.Nc3 c6 4.f4 Qb6 5.e5 Nd5 6.Nxd5 cxd5 7.Bd3 Nc6 8.c3 g6
9.Qf3 e6 10.Qe2 Bd7 11.Nf3 O-O-O 12.b4 Be7 13.a4 f6 14.O-O Rhf8 15.Be3 Qc7
16.Qb2 Kb8 17.Be2 dxe5 18.dxe5 fxe5 19.b5 e4 20.b6 axb6 21.Bxb6 Qxf4 22.Nd4 Qd6
23.Nb5 Qe5 24.Bc7+ Qxc7 25.Nxc7 Kxc7 26.a5 Rxf1+ 27.Rxf1 Bc5+ 28.Kh1 Nxa5
29.Rf7 Nc6 30.Qb5 b6 31.Qa6 h5 32.Bb5 Kd6 33.Qb7 Ne5 34.Rg7 e3 35.g3 g5 36.Kg2 g4
37.Rh7 d4 38.cxd4 Bxd4 39.Qe4 Bc5 40.Bxd7 Rxd7 41.Rxh5 Nf7 42.Qxg4 Ke7 43.Qh4+ Kf8
44.Qf6 Kg8 45.Qxe6 Rd2+ 46.Kh3 Rd6 47.Qe8+ Kg7 48.Rf5 Rf6 49.Rxf6 Kxf6 50.Kg4 Nd6
51.Qh8+ Ke6 52.Kf4 Kd5 53.Qe5+ Kc4 54.Kf3 Nb5 55.Qe4+ Kc3 56.Ke2 Bd4 57.Qc6+ Kb4
58.Kd3 Bc5 59.Qd5 Ka3 60.h4 Kb2 61.h5  1-0

[Event "St Affrique op"]
[Site "St Affrique"]
[Date "1995.??.??"]
[Round "6"]
[White "Chabanon, Jean Luc"]
[Black "Manouck, Thierry"]
[Result "1-0"]
[WhiteElo "2480"]
[BlackElo "2270"]

1.e4 d6 2.d4 Nf6 3.Nc3 e5 4.dxe5 dxe5 5.Qxd8+ Kxd8 6.Bc4 Be6 7.Bxe6 fxe6
8.f3 Bd6 9.Nh3 Ke7 10.Be3 a6 11.Nf2 Nbd7 12.Ke2 c5 13.Rhd1 c4 14.Rd2 Rhc8
15.Rad1 Bb4 16.Bg5 Rc7 17.Ng4 h6 18.Bh4 h5 19.Ne3 Nb6 20.g4 Bxc3 21.bxc3 Na4
22.Rg1 Nxc3+ 23.Ke1 Nb5 24.gxh5 Kf7 25.h6 Rg8  1-0

[Event "Wch U14"]
[Site "St Lorenzo"]
[Date "1995.??.??"]
[Round "6"]
[White "Fressinet, Laurent"]
[Black "Horvath, Adam"]
[Result "1-0"]
[WhiteElo "2145"]
[BlackElo "2235"]

1.d4 d6 2.e4 Nf6 3.Nc3 c6 4.f4 Qa5 5.Bd3 e5 6.Nf3 Bg4 7.Be3 exd4 8.Bxd4 Qb4
9.Be2 Nxe4 10.O-O d5 11.Nxe4 dxe4 12.c3 Qe7 13.Ne5 Bxe2 14.Qxe2 h5 15.Qxe4 Nd7
16.Rae1 Rh6 17.Qf5 Re6 18.Ng6 fxg6 19.Qxe6 Qxe6 20.Rxe6+ Kf7 21.Re2 Rd8 22.Rd1 Nb6
23.Ree1 Nd5 24.Be5 Bc5+ 25.Kh1 b5 26.Bd4 Bf8 27.g3 a6 28.Kg2 a5 29.Kf3 a4
30.a3 Rd7 31.Be5 Bc5  1-0

[Event "SVK-chT"]
[Site "?"]
[Date "1995.??.??"]
[Round "?"]
[White "Kotan, Ladislav"]
[Black "Sergeev, Vladimir"]
[Result "1/2-1/2"]
[WhiteElo "2350"]
[BlackElo "2430"]

1.e4 Nf6 2.Nc3 d6 3.d4 c6 4.h3 b5 5.Bd3 Nbd7 6.a4 b4 7.Nce2 e6 8.Ng3 c5 9.c3 a5
10.Nf3 Be7 11.O-O Bb7 12.Re1 cxd4 13.cxd4 O-O 14.b3 Rc8 15.Bb2 d5 16.e5 Ne4
17.Nxe4 dxe4 18.Bxe4 Bxe4 19.Rxe4 Nb6 20.Qd3 Qd5 21.Rg4 Rfd8 22.Re1 Rc7 23.Re2 Rdc8
24.h4 Nd7 25.Ng5 Bxg5 26.Rxg5 g6 27.Rg3 Nb6 28.h5 Qd7 29.hxg6 fxg6 30.Rf3 Nd5
31.Qe4 Qe7 32.Kh2 Qg5 33.g3 Qh5+ 34.Kg2 Qg5 35.Qd3 Qe7 36.Qa6 Rc2 37.Qd3 R2c6
38.Qb5 Qc7 39.Qd3 Kg7 40.Rf6 Qb7 41.Kh2 Kg8 42.Rf3 Qc7 43.Qe4 Qe7 44.Rd3 Qg5
45.Rf3 Qh5+ 46.Kg2 Qg5 47.Qd3 Qd8 48.Qe4 Qb6 49.Kh2 Qa6 50.Rd3 Kg7 51.Rdd2 Qb6
52.Rc2 Rc3 53.Bxc3 bxc3 54.Rc1 Rc7 55.Qc2 Rb7 56.Re3 Rc7 57.Qd1 Qb4 58.Rd3 Rc6
59.Kg2 h5 60.Kh2 Rb6 61.Qf3 Rc6 62.Qd1 Qb7 63.Rf3 Rc8 64.Kh3 Rc7 65.Kh2 Qb4
66.Kg2 Rb7 67.Qd3 Rc7 68.Qd1  1/2-1/2

[Event "SVK-chT2"]
[Site "?"]
[Date "1995.??.??"]
[Round "?"]
[White "Martiska, Peter"]
[Black "Bisco, Igor"]
[Result "1-0"]
[WhiteElo "2310"]
[BlackElo "2240"]

1.d4 d6 2.e4 Nf6 3.Nc3 Nbd7 4.Nf3 e5 5.Be2 Be7 6.O-O O-O 7.Re1 c6 8.Bg5 a6
9.a4 b6 10.h3 Bb7 11.Bf1 Qc7 12.Qd2 b5 13.axb5 axb5 14.b4 Rfe8 15.Bd3 Bf8
16.d5 Rxa1 17.Rxa1 cxd5 18.Bxf6 Nxf6 19.Nxd5 Bxd5 20.exd5 Qb7 21.Ra5 Qxd5
22.Bxb5 Rb8 23.Bd3 Qb7 24.Rb5 Qc7 25.Rxb8 Qxb8 26.Bc4 Qb7 27.Bb3 Qe4 28.Bxf7+ Kh8
29.Ng5 Qb7 30.Bb3 d5 31.c3 h6 32.Nf3 Bd6 33.Qe3 Ne4 34.Bc2 Bb8 35.Bxe4 dxe4
36.Nd2 Ba7 37.Qxe4 Qd7 38.Qa8+ Kh7 39.Qe4+ Kg8 40.Qe2 Qc7  1-0

[Event "BCF-ch"]
[Site "Swansea"]
[Date "1995.??.??"]
[Round "3"]
[White "Summerscale, Aaron"]
[Black "Turner, Matthew"]
[Result "1-0"]
[WhiteElo "2455"]
[BlackElo "2400"]

1.d4 d6 2.e4 Nf6 3.Nc3 e5 4.dxe5 dxe5 5.Qxd8+ Kxd8 6.Nf3 Bd6 7.h3 Be6 8.Be3 Nbd7
9.O-O-O a6 10.g4 b5 11.g5 Nh5 12.Nd5 Bxd5 13.Rxd5 Ke7 14.Be2 g6 15.Rhd1 Rhd8
16.c4 bxc4 17.Bxc4 f5 18.exf5 gxf5 19.Nh4 Rf8 20.f4 Rae8 21.Bxa6 exf4 22.Bd4 Ng3
23.g6 Nf6 24.Rxf5 hxg6 25.Nxg6+ Ke6 26.Ra5 Nfe4 27.Bc4+ Kd7 28.Bb5+ Ke6 29.Bc6 f3
30.Re1 Bb4 31.Re5+ Kf7 32.R1xe4 Nxe4 33.Bxe4 Rxe5 34.Nxe5+ Ke6 35.Nxf3 Rf4
36.Be3 Rf8 37.Kc2 Be7 38.a4 Rg8 39.a5 Rg2+ 40.Nd2  1-0

[Event "SWZ-chT"]
[Site "SWZ"]
[Date "1995.??.??"]
[Round "1"]
[White "Masserey, Yvan"]
[Black "Schmidt Schaeffer, Sebastian"]
[Result "0-1"]
[WhiteElo "2350"]
[BlackElo "2340"]

1.e4 d6 2.d4 Nf6 3.Nc3 Nbd7 4.h3 e5 5.Be3 Be7 6.a4 O-O 7.Nf3 c6 8.Bc4 d5
9.exd5 Nb6 10.Bb3 e4 11.Nd2 Nbxd5 12.Ndxe4 Nxe4 13.Nxe4 Nxe3 14.fxe3 Bh4+
15.Kd2 Qe7 16.Qf3 Be6 17.Nc5 Bxb3 18.Nxb3 Qb4+ 19.Kd3 Rad8 20.Nd2 c5 21.c3 Qa5
22.Kc2 Rfe8 23.Rhf1 Qc7 24.Qg4 Be7 25.Rf3 Qc6 26.Nb3 Rd6 27.Nxc5 Bf8 28.Qf4 Rf6
29.Qg3 Rg6 30.Qf2 Bxc5 31.dxc5 Qe4+ 32.Kb3 b6 33.c6 Rxc6 34.Rd1 Qc4+ 35.Ka3 b5
36.b3 Qc5+ 37.Ka2 bxa4 38.Rxf7 Qxc3 39.Rdd7 Qxb3+ 40.Ka1 Rc1+  0-1

[Event "SWZ-ch"]
[Site "SWZ"]
[Date "1995.??.??"]
[Round "2"]
[White "Gallagher, Joseph G"]
[Black "Klauser, Markus"]
[Result "1-0"]
[WhiteElo "2515"]
[BlackElo "2345"]

1.e4 d6 2.d4 Nf6 3.Nc3 c6 4.f4 Qa5 5.Bd3 e5 6.Nf3 Nbd7 7.Be3 Be7 8.Qd2 O-O
9.h3 exd4 10.Nxd4 Nc5 11.O-O Nxd3 12.cxd3 Qd8 13.Bf2 c5 14.Nf3 b6 15.d4 Bb7
16.d5 b5 17.Rfe1 b4 18.Na4 Re8 19.b3 Bf8 20.Qd3 Nh5 21.f5 Nf6 22.Rad1 Qa5
23.Qc2 Qb5 24.Nb2 a5 25.Nc4 a4 26.Bg3 axb3 27.axb3 Ra6 28.Bh4 Be7 29.Ra1 Bd8
30.Rxa6 Qxa6 31.Qb2 Be7 32.Ra1 Qb5 33.Nfd2 Qd7 34.Bf2 g6 35.fxg6 hxg6 36.Ra7 Rb8
37.Qa1 Ne8 38.Qa5 Qd8 39.Bg3 Nc7 40.Nf3 Ra8 41.Rxa8 Bxa8 42.Qb6 Ne8 43.Qxd8 Bxd8
44.Nxd6 Nxd6 45.Bxd6 Bb6 46.Kf1 f5 47.Nd2 Kf7 48.Nc4 Ba7 49.Bc7 fxe4 50.Ne5+ Kf8
51.d6  1-0

[Event "SWZ-chT"]
[Site "SWZ"]
[Date "1995.??.??"]
[Round "3"]
[White "Godena, Michele"]
[Black "Schmidt Schaeffer, Sebastian"]
[Result "1/2-1/2"]
[WhiteElo "2420"]
[BlackElo "2340"]

1.e4 d6 2.d4 Nf6 3.Nc3 Nbd7 4.g3 e5 5.Nge2 Be7 6.Bg2 O-O 7.O-O c6 8.a4 b6
9.b3 a6 10.Bb2 Qc7 11.Qd2 Bb7 12.Nd1 Rfe8 13.Ne3 Bf8 14.f3 Rad8 15.Rad1 b5
16.Bc3 Ra8 17.Bh3 Bc8 18.Ra1 bxa4 19.bxa4 d5 20.exd5 cxd5 21.dxe5 Nxe5 22.Bg2 Nc4
23.Nxc4 Qxc4 24.Rae1 Bc5+ 25.Kh1 Be3 26.Qd3 Qxd3 27.cxd3 Bf5 28.Rd1 Rac8
29.Bd4 Bh6 30.Nf4 Bxf4 31.gxf4 Rc2 32.Rfe1 Rxe1+ 33.Rxe1 h5 34.Bf1 Ra2 35.Re5 Rxa4
36.Be3 g6 37.Re7 d4 38.Bf2 Nd5 39.Re8+ Kg7 40.Rd8 Be6 41.f5 gxf5 42.Kg2 Kf6
43.Be2 Nf4+ 44.Kf1 Ra1+ 45.Be1 Ke5 46.Rb8 h4 47.Rb2 h3 48.Kf2 a5 49.Rb5+ Kf6
50.Rxa5 Rb1 51.Bd2 Nd5 52.f4 Rb2 53.Ke1 Ne3 54.Bc1 Rc2 55.Bxe3 dxe3 56.Ra1 Rb2
57.Kf1 Bd5 58.d4 Rd2 59.Rd1 Bc4 60.Re1 Bd5 61.Kg1 Bg2 62.Bf1 Bxf1 63.Kxf1 Rf2+
64.Kg1 Rf3 65.Rf1 e2 66.Re1 Rxf4 67.Rxe2 Rxd4 68.Re3 Rh4 69.Kf2 f4 70.Ra3 Kg5
71.Kf3 Rh8 72.Ra5+ f5 73.Ra1 Rb8 74.Rg1+ Kf6 75.Kxf4 Rb4+ 76.Kf3 Ke5 77.Re1+ Re4
78.Ra1 Rd4 79.Ra5+ Rd5 80.Rxd5+ Kxd5 81.Kf4 Ke6 82.Kg3 Ke5 83.Kxh3 Kf4 84.Kg2 Ke3
85.Kf1 Kf3 86.h4 Kg4 87.Kf2  1/2-1/2

[Event "AUS-ch"]
[Site "Sydney"]
[Date "1995.??.??"]
[Round "1"]
[White "Levi, Eddy"]
[Black "Gedevanishvili, Dmitry"]
[Result "0-1"]
[WhiteElo "2235"]
[BlackElo "2365"]

1.e4 d6 2.d4 Nf6 3.Nc3 c6 4.Be2 Nbd7 5.Nf3 e5 6.O-O Be7 7.a4 O-O 8.h3 Re8
9.Bc4 exd4 10.Nxd4 d5 11.exd5 Nb6 12.Bb3 Nbxd5 13.Nxd5 Nxd5 14.Qf3 Bf6 15.Bxd5 Qxd5
16.Qxd5 cxd5 17.Be3 Bd7 18.Rfd1 a6 19.a5 Rac8 20.c3 Rc4 21.Rd2 Bd8 22.Ne2 Re5
23.b3 Rc8 24.c4 Bc6 25.c5 Re4 26.Nd4 g6 27.Rd3 Bf6 28.Rad1 Rce8 29.Nc2 Bd8
30.f3 R4e6 31.Bd2 Be7 32.b4 Bf6 33.Re1 Rxe1+ 34.Nxe1 d4 35.Ra3 Re2 36.b5 Bxb5
37.Bb4 Rb2 38.c6 Rxb4 39.cxb7 Bc6 40.Nd3 Rxb7 41.Nc5 Rb1+  0-1

[Event "HUN-SLO juniors"]
[Site "Szentgotthard"]
[Date "1995.??.??"]
[Round "?"]
[White "Krivec, Jana"]
[Black "Lendvai, Edit"]
[Result "0-1"]
[WhiteElo "2045"]
[BlackElo "2105"]

1.e4 d6 2.d4 Nf6 3.Nc3 Nbd7 4.Nf3 e5 5.Bc4 Be7 6.O-O O-O 7.h3 c6 8.a4 h6
9.Ba2 Re8 10.Re1 Bf8 11.Nh4 exd4 12.Qxd4 d5 13.Nf3 Bc5 14.Qd3 Qb6 15.Re2 dxe4
16.Qc4 Ne5 17.Nxe5 Be6 18.a5 Bxc4 19.axb6 Bxa2 20.Bf4 Bd5 21.bxa7 Rxa7 22.Rae1 Raa8
23.Bh2 h5 24.Bf4 Bd4 25.Nxd5 cxd5 26.Nd7 Nxd7 27.Rd1 Bxb2 28.Rxd5 Nf6 29.Rb5 Ra1+
30.Kh2 Bd4 31.Rxb7 Rf1 32.Be3 Be5+ 33.g3 Nd5 34.Kg2 Rd1 35.c4 Nxe3+ 36.Rxe3 f5
37.Re2 Rc1 38.Rb4 Bd6 39.Rb5 Re5 40.Rb6 Bc5 41.Rc6 Rxc4 42.Rb2 Rc3 43.Rc7 Bd4
44.Rd7 Rxg3+  0-1

[Event "Terrasa op"]
[Site "Terrasa"]
[Date "1995.??.??"]
[Round "4"]
[White "Martin Gonzalez, A."]
[Black "Cifuentes Parada, Roberto"]
[Result "1/2-1/2"]
[WhiteElo "2445"]
[BlackElo "2525"]

1.e4 d6 2.d4 Nf6 3.Nc3 e5 4.Nf3 Nbd7 5.Bc4 Be7 6.O-O O-O 7.Re1 c6 8.a4 a5
9.Bd2 exd4 10.Nxd4 Nc5 11.Qf3 Qb6 12.Bg5 Re8 13.h3 Ne6 14.Nxe6 Bxe6 15.Bxe6  1/2-1/2

[Event "JUG-chT (Women)"]
[Site "Tivat"]
[Date "1995.??.??"]
[Round "1"]
[White "Vuksanovic, Sanja"]
[Black "Trosic, Galina"]
[Result "0-1"]
[WhiteElo "2320"]
[BlackElo "2060"]

1.e4 d6 2.d4 Nf6 3.Nc3 Nbd7 4.f4 e5 5.Nf3 exd4 6.Qxd4 c6 7.e5 dxe5 8.fxe5 Bc5
9.Qf4 Qe7 10.Be2 Nd5 11.Nxd5 cxd5 12.Qg3 f6 13.exf6 Nxf6 14.Qe5 Qxe5 15.Nxe5 O-O
16.Nd3 Bb6 17.Bf4 Re8 18.h3 Bf5 19.g4 Be4 20.Rh2 Bg1 21.Rf2 Bxf2+ 22.Kxf2 d4
23.Ne5 Rac8 24.Bc4+ Bd5 25.Bd3 Ne4+ 26.Kg1 Rf8 27.Rf1 Rce8 28.Nc4 g5 29.Be5 Rxf1+
30.Kxf1 Nd2+ 31.Nxd2 Rxe5 32.Bc4 Bxc4+ 33.Nxc4 Rc5 34.b3 b5 35.Na3 a6 36.Ke2 Rc3
37.Nb1 Rxc2+ 38.Kd3 Rxa2 39.Kxd4 Rb2  0-1

[Event "JUG-chT"]
[Site "Tivat"]
[Date "1995.??.??"]
[Round "2"]
[White "Pantos, Nenad"]
[Black "Ivanisevic, Ivan"]
[Result "1-0"]
[WhiteElo "2275"]
[BlackElo "2315"]

1.e4 d6 2.d4 Nf6 3.Nc3 e5 4.Nf3 Nbd7 5.Bc4 Be7 6.O-O O-O 7.Re1 c6 8.a4 a5
9.b3 h6 10.Bb2 Nh7 11.dxe5 dxe5 12.Ne2 Qc7 13.Ng3 g6 14.h4 Kg7 15.Qd2 Bb4
16.c3 Bc5 17.Bc1 Ndf6 18.b4 Ba7 19.Qxh6+ Kh8 20.Ng5 Bxf2+ 21.Kf1 Bxg3 22.Re3 Bf4
23.Rf3 Bxg5 24.hxg5 Ng8 25.Qh2 Be6 26.Bxe6 fxe6 27.Ke2 Rxf3 28.gxf3 c5 29.c4 Kg7
30.Bb2 Kf8 31.Bxe5 Qf7 32.Bd6+ Ke8 33.Qe5 cxb4 34.Rh1 Ne7 35.Rh4 Nf8 36.Qb5+ Nd7
37.Rh8+ Ng8 38.Be5 Rd8 39.Bf6 Rc8 40.Qxb7 Rb8 41.Qc6 b3 42.Qd6 Nxf6 43.Qxb8+ Ke7
44.gxf6+ Qxf6 45.Rh7+  1-0

[Event "JUG-chT"]
[Site "Tivat"]
[Date "1995.??.??"]
[Round "2"]
[White "Rajkovic, Dusan"]
[Black "Cabrilo, Goran"]
[Result "1/2-1/2"]
[WhiteElo "2480"]
[BlackElo "2470"]

1.d4 d6 2.e4 Nf6 3.Nc3 c6 4.Nf3 Bg4 5.Be2 e6 6.O-O Be7 7.Be3 d5 8.Nd2 Bxe2
9.Qxe2 dxe4 10.Ncxe4 Nbd7 11.Rfd1 Nxe4  1/2-1/2

[Event "JUG-chT (Women)"]
[Site "Tivat"]
[Date "1995.??.??"]
[Round "4"]
[White "Micic, Snezana"]
[Black "Kostic, Milutin B"]
[Result "1-0"]
[WhiteElo "2215"]
[BlackElo "2315"]

1.e4 d6 2.d4 Nf6 3.Nc3 e5 4.Nf3 Bg4 5.Be3 c6 6.a4 Qa5 7.Qd2 Bxf3 8.gxf3 Nbd7
9.f4 Be7 10.Be2 b5 11.O-O b4 12.Na2 Nxe4 13.Qxb4 Qxb4 14.Nxb4 exd4 15.Bxd4 c5
16.Nd5 Bd8 17.f3 Nd2 18.Rfd1 cxd4 19.Rxd2 O-O 20.Rxd4 a5 21.Kf1 Rb8 22.b4 axb4
23.Rxb4 Ra8 24.Rb5 Nf6 25.Nb6 Ra7 26.a5 Ne8 27.a6 Bf6 28.Ra4 Nc7 29.Rb3 Ne6
30.Ra2 Nc5 31.Rb4 Bc3 32.Rc4 Bf6 33.Nd5 Rb8 34.Rb4 Re8 35.Nxf6+ gxf6 36.Rb6 Rd8
37.c3 Kf8 38.Rd2 Ke7 39.Bc4 f5 40.Rd5 Na4 41.Rb7+ Rxb7 42.axb7 Nxc3 43.Rxf5 d5
44.Bxd5 Nxd5 45.Rxd5 Rb8 46.Rb5 Kd7 47.Kg2 Kc6 48.Rb3 Rxb7 49.Rxb7 Kxb7 50.Kg3 Kc6
51.Kg4 Kd6 52.Kg5 Ke6 53.h4 h5 54.Kxh5 Kf5 55.Kh6 Kxf4 56.Kg7 Kxf3 57.h5 f5
58.h6 f4 59.h7 Kg2 60.h8=Q f3 61.Qa8 Kg3 62.Qb8+ Kg2 63.Qb7 Kg3 64.Qe4  1-0

[Event "Tivat op"]
[Site "Tivat"]
[Date "1995.??.??"]
[Round "4"]
[White "Ostrovsky, Axelander"]
[Black "Vlatkovic, Sinisa"]
[Result "1-0"]
[WhiteElo "2375"]
[BlackElo "2320"]

1.e4 d6 2.d4 Nf6 3.Nc3 c6 4.a4 e5 5.dxe5 dxe5 6.Qxd8+ Kxd8 7.Bc4 Bb4 8.Bd2 Ke7
9.Nf3 Rd8 10.Nxe5 Bxc3 11.Bxc3 Nxe4 12.Nxf7 Nxc3 13.bxc3 Rf8 14.O-O-O Be6
15.Rhe1 Kxf7 16.Rxe6 g6 17.Rd3 Na6 18.Rd7+  1-0

[Event "JUG-chT"]
[Site "Tivat"]
[Date "1995.??.??"]
[Round "6"]
[White "Zakic, Srdjan"]
[Black "Cvetkovic, Srdjan"]
[Result "1/2-1/2"]
[WhiteElo "2345"]
[BlackElo "2435"]

1.e4 d6 2.d4 Nf6 3.Nc3 e5 4.f4 exd4 5.Qxd4 Nc6 6.Qd2 Be7 7.Bd3 Nb4 8.Nf3 Nxd3+
9.Qxd3 O-O 10.Be3 c6 11.O-O-O Qa5 12.Nd4 Bg4 13.Rd2 Be6 14.a3 Nd7 15.Nxe6 fxe6
16.Qc4 Rf6 17.Qb3 Nb6 18.g4 d5  1/2-1/2

[Event "JUG-chT (Women)"]
[Site "Tivat"]
[Date "1995.??.??"]
[Round "10"]
[White "Paramentic, Mila"]
[Black "Trosic, Galina"]
[Result "1/2-1/2"]
[WhiteElo "2095"]
[BlackElo "2060"]

1.e4 d6 2.d4 Nf6 3.Nc3 Nbd7 4.Nf3 e5 5.dxe5 dxe5 6.Bc4 h6 7.O-O Be7 8.Re1 c6
9.a3 a5 10.h3 O-O 11.Be3 Qc7 12.Ba2 Rd8 13.Nh4 Bc5 14.Qf3 Bxe3 15.Rxe3 Nf8
16.Nf5 Kh7 17.Rd1 Be6 18.Red3 Rxd3 19.Rxd3 Rd8 20.Bxe6 Nxe6 21.Qd1 Rxd3 22.Qxd3 g6
23.Ng3 Qd7  1/2-1/2

[Event "P&V Cup"]
[Site "Tjalfe"]
[Date "1995.??.??"]
[Round "?"]
[White "Kinsman, Andrew PH"]
[Black "Hansen, Mads Smith"]
[Result "1/2-1/2"]
[WhiteElo "2355"]
[BlackElo "2370"]

1.d4 d6 2.e4 Nf6 3.Nc3 e5 4.Nf3 Nbd7 5.Bc4 Be7 6.O-O O-O 7.Re1 c6 8.a4 Qc7
9.h3 b6 10.Qe2 Bb7 11.Ba6 Rfe8 12.Bxb7 Qxb7 13.Bg5 Bf8 14.Rad1 exd4 15.Nxd4 d5
16.Bxf6 Nxf6 17.e5 Nd7 18.f4 g6 19.Kh1 a6 20.Qg4 Bg7 21.Nf3 b5 22.h4 Qc8
23.h5 Nc5 24.Qh4 b4 25.hxg6 fxg6 26.Ne2 Ne4 27.Ng5 Nxg5 28.Qxg5 Rf8 29.Nd4 c5
30.Nf3 Qe6 31.Qg3  1/2-1/2

[Event "Toscolano op"]
[Site "Toscolano"]
[Date "1995.??.??"]
[Round "?"]
[White "Peric, Slavisa"]
[Black "De Santis, Alessio"]
[Result "1/2-1/2"]
[WhiteElo "2220"]
[BlackElo "2270"]

1.e4 d6 2.d4 Nf6 3.Nc3 c6 4.a4 a5 5.f3 Nbd7 6.Be3 e5 7.Bc4 Be7 8.Nge2 O-O
9.Qd2 d5 10.exd5 Nb6 11.Bb3 exd4 12.Qxd4 Nfxd5 13.Nxd5 Nxd5 14.Bxd5 cxd5
15.c3 Re8 16.Kf2 Ra6 17.Rhe1 Rc6 18.Qd2 Bd6 19.g3 Qd7 20.Ng1 Qf5 21.Bd4 Be6
22.Re2 Rec8 23.Rae1 h6 24.Kg2 Rc4 25.b3 R4c6 26.Re3 Qg6 27.Qd3 Qxd3 28.Rxd3 Bc5
29.Bxc5 Rxc5 30.Ne2 b5 31.axb5 Rxb5 32.Nd4  1/2-1/2

[Event "Toscolano op"]
[Site "Toscolano"]
[Date "1995.??.??"]
[Round "?"]
[White "Cugini, Werter"]
[Black "De Santis, Alessio"]
[Result "1-0"]
[WhiteElo "2235"]
[BlackElo "2270"]

1.e4 d6 2.d4 Nf6 3.Nc3 c6 4.g3 Nbd7 5.Bg2 e5 6.Nge2 h5 7.h3 Be7 8.Be3 Qc7
9.O-O b5 10.a3 Nb6 11.b3 a6 12.f4 Bb7 13.dxe5 dxe5 14.fxe5 Nfd7 15.e6 fxe6
16.Nf4 O-O-O 17.Nxe6 Qxg3 18.Rf3 Qg6 19.Nxd8 Rxd8 20.Qe1 h4 21.Qf2 c5 22.Rd1 Re8
23.Rf5 Nf6 24.Rg5 Qh6 25.Re5 Qg6 26.Bxc5 Bxc5 27.Qxc5+ Kb8 28.Qxb6 Rc8  1-0

[Event "Toscolano op"]
[Site "Toscolano"]
[Date "1995.??.??"]
[Round "?"]
[White "Sermek, Drazen"]
[Black "De Santis, Alessio"]
[Result "1-0"]
[WhiteElo "2515"]
[BlackElo "2270"]

1.e4 d6 2.d4 Nf6 3.Nc3 c6 4.g3 g6 5.Bg2 Bg7 6.a4 a5 7.Nge2 O-O 8.O-O e5 9.h3 Nbd7
10.Be3 Re8 11.Re1 Qc7 12.Qd2 Nb6 13.b3 d5 14.f4 exd4 15.Qxd4 Nxe4 16.Qxb6 Qxb6
17.Bxb6 Nxc3 18.Nxc3 Rxe1+ 19.Rxe1 Bxc3 20.Re8+ Kg7 21.Bf1 f5 22.Bc5 Kf7
23.Re7+ Kg8 24.Kf2 Bb4 25.Bxb4 axb4 26.Ke3 b6 27.Kd4 Ba6 28.Bxa6 Rxa6 29.Rc7 b5
30.axb5 cxb5 31.Kxd5 Ra2 32.Rc5 Kf7 33.Kc6 Ra1 34.Kxb5 Rg1 35.Kxb4 Rxg3 36.Rc3 Rg1
37.Kc5 h6 38.b4 g5 39.fxg5 Rxg5 40.b5 f4+ 41.Kc6 Rg3 42.Rc4 Kg6 43.b6 Kf5
44.b7 Rg8 45.Kb6 Rg1 46.Rc5+  1-0

[Event "Toscolano op"]
[Site "Toscolano"]
[Date "1995.??.??"]
[Round "?"]
[White "Nurkic, Sahbaz"]
[Black "De Santis, Alessio"]
[Result "0-1"]
[WhiteElo "2450"]
[BlackElo "2270"]

1.e4 d6 2.d4 Nf6 3.Nc3 c6 4.f4 Qa5 5.e5 Ne4 6.Qf3 d5 7.Bd3 Na6 8.Ne2 Nb4
9.O-O Nxd3 10.cxd3 Nxc3 11.bxc3 g6 12.a4 h5 13.h3 h4 14.Ba3 Bf5 15.Rfd1 e6
16.Bxf8 Kxf8 17.Rdb1 Rb8 18.Rb4 Kg7 19.Kh2 Qa6 20.Nc1 b6 21.Qe3 Rbc8 22.Ra2 c5
23.Rb5 c4 24.dxc4 Rxc4 25.Rb4 Rxb4 26.cxb4 Qc4 27.Rb2 Rc8 28.Ne2 Bd3 29.f5 exf5
30.Nf4 Be4 31.Qf2 g5 32.Nh5+ Kg6 33.Nf6 Qd3 34.Rd2 Qa3 35.Ra2 Qc1 36.Rd2 Rc3
37.Qe2 Rxh3+  0-1

[Event "FRA-ch"]
[Site "Toulouse"]
[Date "1995.??.??"]
[Round "3"]
[White "Santo Roman, Marc"]
[Black "Grimberg, Gilbert"]
[Result "1-0"]
[WhiteElo "2485"]
[BlackElo "2275"]

1.e4 d6 2.d4 Nf6 3.Nc3 Nbd7 4.g4 h6 5.g5 hxg5 6.Bxg5 c5 7.d5 Qa5 8.Bd2 a6
9.f4 Qc7 10.a4 Nh5 11.Qf3 g6 12.Nh3 Ndf6 13.Ng5 Bg7 14.Rg1 Bd7 15.Qg2 Rf8
16.Bc4 O-O-O 17.Qe2 Ng8 18.Ra3 Bd4 19.Rf1 Nh6 20.Rb3 Qa5 21.Nd1 Qxa4 22.Ra3 Qxc2
23.Bd3 Bg4 24.Bxc2 Bxe2 25.Kxe2 Kc7 26.Ba5+ b6 27.Bc3 Bxc3 28.Nxc3 Ra8 29.Kf3 b5
30.Ra5 Kb6 31.Rfa1 Nf6 32.Nxb5 Nd7 33.Nc3 f5 34.Ne6 Rf6 35.R5a3 fxe4+ 36.Nxe4 Ne5+
37.Kg2 Neg4 38.Rb3+ Ka7 39.Nxf6 exf6 40.Nc7  1-0

[Event "FRA-ch"]
[Site "Toulouse"]
[Date "1995.??.??"]
[Round "4"]
[White "Marciano, David"]
[Black "Degraeve, Jean Marc"]
[Result "1-0"]
[WhiteElo "2455"]
[BlackElo "2410"]

1.e4 d6 2.d4 Nf6 3.Nc3 c6 4.f4 Qa5 5.Bd3 e5 6.Nf3 Nbd7 7.Be3 Be7 8.Qd2 O-O
9.O-O Qc7 10.h3 b5 11.Rae1 Bb7 12.fxe5 dxe5 13.dxe5 Nxe5 14.Nxe5 Qxe5 15.Rf5 Qe6
16.e5 Nd5 17.Nxd5 Qxd5 18.e6 Qxe6 19.Bf4 Qd7 20.Rh5 g6 21.Bxg6 Qxd2 22.Bxh7+ Kg7
23.Bxd2 Bf6 24.Bh6+  1-0